[Event "AUTO-OPEN-4581"]
[Site "http://www.queenalice.com/game.php?id=1853792"]
[Date "2025.3.12"]
[Round "1"]
[White "CHESSLOVE2405"]
[Black "SGF"]
[Result "0-1"]
[WhiteElo "1639"]
[BlackElo "1840"]

1. e4 e5 2. Nf3 Qf6 3. Nc3 c6 4. d4 d6 5. Bg5 Qg6 6. dxe5 Bg4 7. Qd2 Bxf3 8.
gxf3 h6 9. Bf4 dxe5 10. O-O-O Qd6 11. Bxe5 Qxd2+ 12. Rxd2 Nd7 13. Bd4 Bb4 14.
Bh3 c5 15. Bxd7+ Kxd7 0-1

[Event "AUTO-OPEN-4581"]
[Site "http://www.queenalice.com/game.php?id=1853793"]
[Date "2025.3.12"]
[Round "1"]
[White "SGF"]
[Black "CHESSLOVE2405"]
[Result "1-0"]
[WhiteElo "1822"]
[BlackElo "1657"]

1. e4 c5 2. Bc4 e6 3. Qf3 Nc6 4. c3 Nf6 5. g4 d5 6. exd5 exd5 7. Bb5 Bxg4 8. Qg3
Bd6 9. Qe3+ Kd7 10. h3 Re8 11. hxg4 Nxg4 12. Bxc6+ Kxc6 13. Rxh7 Nxe3 14. dxe3
Qg5 15. Nf3 Qf5 16. Rxg7 Qxf3 17. Nd2 Qf6 18. Rh7 1-0

[Event "AUTO-ADV-4852"]
[Site "http://www.queenalice.com/game.php?id=1853882"]
[Date "2025.3.14"]
[Round "1"]
[White "askasl159"]
[Black "CHESSLOVE2405"]
[Result "1-0"]
[WhiteElo "1920"]
[BlackElo "1679"]

1. e4 c5 2. b4 cxb4 3. a3 d5 4. e5 Nc6 5. d4 Qb6 6. Nf3 Bg4 7. Bb2 e6 8. Be2 Nh6
9. h3 Bxf3 10. Bxf3 bxa3 11. Nxa3 1-0

[Event "AUTO-ADV-4852"]
[Site "http://www.queenalice.com/game.php?id=1853883"]
[Date "2025.3.14"]
[Round "1"]
[White "CHESSLOVE2405"]
[Black "askasl159"]
[Result "0-1"]
[WhiteElo "1673"]
[BlackElo "1926"]

1. e4 e5 2. Nf3 Nc6 3. Bb5 Nge7 4. Nc3 g6 5. d4 Bg7 6. Bg5 O-O 7. Bxc6 bxc6 8.
dxe5 h6 9. Bf6 d5 10. Qe2 d4 11. O-O-O c5 0-1

[Event "AUTO-ADV-4852"]
[Site "http://www.queenalice.com/game.php?id=1853906"]
[Date "2025.3.14"]
[Round "1"]
[White "CHESSLOVE2405"]
[Black "SGF"]
[Result "0-1"]
[WhiteElo "1667"]
[BlackElo "1812"]

1. e4 e5 2. Nf3 Qf6 3. Nc3 c6 4. d4 d6 5. Bg5 Qg6 6. dxe5 h6 7. Be3 Bg4 8. Qd2
Bxf3 9. gxf3 dxe5 10. O-O-O Be7 11. Bc4 b5 12. Nxb5 cxb5 13. Bxb5+ Kf8 14. Qd5
Nc6 15. Qxc6 Qxc6 0-1

[Event "AUTO-ADV-4852"]
[Site "http://www.queenalice.com/game.php?id=1853907"]
[Date "2025.3.14"]
[Round "1"]
[White "SGF"]
[Black "CHESSLOVE2405"]
[Result "1-0"]
[WhiteElo "1831"]
[BlackElo "1648"]

1. e4 c5 2. Qf3 Nc6 3. c3 e6 4. d3 Nf6 5. Be2 d5 6. Bg5 Be7 7. Bxf6 Bxf6 8. exd5
exd5 9. Nh3 Ne5 10. Qe3 O-O 11. Qxc5 Re8 12. Nf4 Bg4 13. Bxg4 Nxd3+ 14. Kf1 Nxc5
15. b4 1-0